Phân tích hiện trạng kinh tế và kỹ thuật sản xuất chôm chôm theo tiêu chuẩn Globalgap tại xã Phú Phụng chợ Lách, Bến Tre : Luận văn thạc sĩ khoa học chuyên ngành Phát triển nông thôn

Đề tài phân tích hiện trạng kinh tế và kỹ thuật sản xuất chôm chôm theo tiêu chuẩn Globalgap tại xã Phú Phụng chợ Lách, Bến Tre đựoc thực hiện theo dự án xây dựng và vận hành hệ thống quản lí đạt chứng nhận GlobalGAP nhằm nâng cao hiệu q...

Szczegółowa specyfikacja

Zapisane w:
Opis bibliograficzny
1. autor: Hồ, Thanh Nhân
Format: Książka
Język:Undetermined
Wydane: Cần Thơ Trường Đại học Cần Thơ 2011
Hasła przedmiotowe:
Etykiety: Dodaj etykietę
Nie ma etykietki, Dołącz pierwszą etykiete!
Thư viện lưu trữ: Trung tâm Học liệu Trường Đại học Cần Thơ
LEADER 01355nam a2200229Ia 4500
001 CTU_170907
008 210402s9999 xx 000 0 und d
082 |a 338.1 
082 |b Nh121 
088 |a 60620116 
100 |a Hồ, Thanh Nhân 
245 0 |a Phân tích hiện trạng kinh tế và kỹ thuật sản xuất chôm chôm theo tiêu chuẩn Globalgap tại xã Phú Phụng chợ Lách, Bến Tre : 
245 0 |b Luận văn thạc sĩ khoa học chuyên ngành Phát triển nông thôn 
245 0 |c Hồ Thanh Nhân ; Lê Cảnh Dũng ( Người hướng dẫn khoa học) 
260 |a Cần Thơ 
260 |b Trường Đại học Cần Thơ 
260 |c 2011 
520 |a Đề tài phân tích hiện trạng kinh tế và kỹ thuật sản xuất chôm chôm theo tiêu chuẩn Globalgap tại xã Phú Phụng chợ Lách, Bến Tre đựoc thực hiện theo dự án xây dựng và vận hành hệ thống quản lí đạt chứng nhận GlobalGAP nhằm nâng cao hiệu quả kinh tế cho nông dân. 
650 |a Agriculture,Nông nghiệp 
650 |x Economic aspects,Khía cạnh kinh tế 
904 |i Ánh Vân, Hải 
980 |a Trung tâm Học liệu Trường Đại học Cần Thơ